[Event "Mercredi 2021.11.17 ABCD"]
[Site "Montreal CAN"]
[Date "2021.12.08"]
[Round "4"]
[White "Guipi Bopala, Prince Eric jr"]
[Black "Mok, Yuen Tak"]
[Result "0-1"]
[WhiteElo "2086"]
[BlackElo "2062"]
[PlyCount "102"]
[EventDate "2021.11.17"]
[EventType "tourn"]
[EventRounds "5"]
[EventCountry "CAN"]

1. d4 d5 2. Nf3 Nf6 3. c4 c6 4. e3 e6 5. b3 Ne4 6. Bb2 Nd7 7. Bd3 Bb4+ 8. Nbd2
f5 9. O-O Qf6 10. Qc1 O-O 11. Ba3 Bxa3 12. Qxa3 g5 13. Qb2 g4 14. Ne5 Qh4 15.
Nxe4 dxe4 16. Bb1 Rf6 17. f3 gxf3 18. gxf3 Nxe5 19. dxe5 Rg6+ 20. Kh1 exf3 21.
Qf2 Qh6 22. Qxf3 Qg7 23. Bc2 Bd7 24. Qf4 Be8 25. Rg1 c5 26. e4 Bc6 27. Rad1 Rf8
28. Rdf1 fxe4 29. Qxf8+ Qxf8 30. Rxf8+ Kxf8 31. Rxg6 hxg6 32. Kg1 Kg7 33. Kf2
Kh6 34. Ke3 Kg5 35. Bxe4 Bxe4 36. Kxe4 Kg4 37. a3 b6 38. b4 a6 39. bxc5 bxc5
40. a4 a5 41. Ke3 Kf5 42. Kf3 Kxe5 43. Kg4 Kd4 44. Kg5 e5 45. Kxg6 e4 46. h4 e3
47. h5 e2 48. h6 e1=Q 49. h7 Qe4+ 50. Kg7 Qxh7+ 51. Kxh7 Kxc4 0-1

[Event "Mercredi 2021.11.17 ABCD"]
[Site "Montreal CAN"]
[Date "2021.12.08"]
[Round "4"]
[White "Hagopian, Christian"]
[Black "Adam, Rafael"]
[Result "0-1"]
[WhiteElo "1927"]
[BlackElo "1921"]
[PlyCount "108"]
[EventDate "2021.11.17"]
[EventType "tourn"]
[EventRounds "5"]
[EventCountry "CAN"]

1. d4 Nf6 2. c4 e6 3. Nf3 Bb4+ 4. Bd2 Qe7 5. a3 Bxd2+ 6. Qxd2 b6 7. g3 Bb7 8.
Bg2 O-O 9. O-O Ne4 10. Qc2 d5 11. cxd5 exd5 12. e3 c5 13. dxc5 bxc5 14. Nc3 Nf6
15. Rfd1 Rd8 16. Rac1 Nbd7 17. Qd2 Nb6 18. b3 Rac8 19. Qb2 a5 20. a4 Ba6 21.
Bf1 Bxf1 22. Kxf1 Ne4 23. Nb5 f6 24. Nd2 Ng5 25. Kg2 Ne6 26. Nf3 Qb7 27. Qe2
Qa8 28. Kg1 c4 29. Qb2 Nc5 30. bxc4 dxc4 31. Nfd4 Nd3 32. Qa2 Nxc1 33. Rxc1 Qd5
34. Nc3 Qf7 35. Qc2 Nd5 36. Ncb5 Nb4 37. Qe2 Nd3 38. Rc3 Qd7 39. Qd2 Ne5 40.
Qe2 Qd5 41. h3 Qe4 42. Rc1 g6 43. Kh2 Qd3 44. Qc2 Qxc2 45. Rxc2 Kf7 46. Kg2 Nd3
47. Kf1 Nb4 48. Rc3 Nd5 49. Rc1 Nb6 50. Nc3 Nd5 51. Ncb5 f5 52. h4 c3 53. Rc2
Rc4 54. Ra2 Nb4 0-1

[Event "Mercredi 2021.11.17 ABCD"]
[Site "Montreal CAN"]
[Date "2021.12.08"]
[Round "4"]
[White "Lima-Barbosa, Raphael"]
[Black "Jean, Robert"]
[Result "0-1"]
[WhiteElo "1811"]
[BlackElo "1793"]
[PlyCount "56"]
[EventDate "2021.11.17"]
[EventType "tourn"]
[EventRounds "5"]
[EventCountry "CAN"]

1. d4 Nf6 2. c4 e6 3. Nc3 Bb4 4. e3 O-O 5. Bd3 c5 6. Nge2 d6 7. O-O Nc6 8. Bb1
Ne7 9. a3 Ba5 10. Qc2 Ng6 11. Rd1 Qe7 12. Qa4 Bc7 13. b4 b6 14. Ng3 Bb7 15. Ra2
h5 16. Rad2 h4 17. Nge4 Nxe4 18. Nxe4 f5 19. dxc5 Bxe4 20. Bxe4 fxe4 21. cxd6
Bxd6 22. Rxd6 Ne5 23. c5 Nd3 24. R1xd3 exd3 25. Bb2 Rad8 26. Be5 Qf7 27. f4 Qh5
28. Qb3 d2 0-1

[Event "Mercredi 2021.11.17 ABCD"]
[Site "Montreal CAN"]
[Date "2021.12.08"]
[Round "4"]
[White "Milosz, Jerzy"]
[Black "Martel, Paul"]
[Result "0-1"]
[WhiteElo "1610"]
[BlackElo "1609"]
[PlyCount "114"]
[EventDate "2021.11.17"]
[EventType "tourn"]
[EventRounds "5"]
[EventCountry "CAN"]

1. e4 e6 2. d4 d5 3. exd5 exd5 4. Bd3 Nf6 5. c3 c6 6. Bg5 Bd6 7. Qf3 Bg4 8.
Qxg4 Nxg4 9. Bxd8 Kxd8 10. h3 Nf6 11. Ne2 Nbd7 12. O-O Kc7 13. Nd2 Rae8 14.
Rae1 Re7 15. Nc1 Rhe8 16. Nf3 h6 17. Rxe7 Rxe7 18. Re1 Rxe1+ 19. Nxe1 b5 20. a3
a5 21. Nb3 a4 22. Na1 Ne4 23. Nac2 Nd2 24. Ne3 Nc4 25. Bxc4 dxc4 26. Kf1 Nf6
27. Ke2 Ne4 28. Nf3 g6 29. Nd2 Nxd2 30. Kxd2 c5 31. dxc5 Bxc5 32. Ke2 Kd6 33.
Ng4 h5 34. Nf6 Ke6 35. Ne4 Be7 36. f3 f5 37. Nd2 Ke5 38. g3 g5 39. Nf1 h4 40.
g4 fxg4 41. fxg4 Kf4 42. Ne3 Kg3 43. Nf5+ Kxh3 44. Nxe7 Kg2 45. Nf5 h3 46. Ne3+
Kg1 47. Nf1 h2 48. Ng3 h1=Q 49. Nxh1 Kxh1 50. Kf3 Kh2 51. Kf2 Kh3 52. Kf3 Kh4
53. Kf2 Kxg4 54. Kg2 Kf4 55. Kf2 Ke4 56. Ke2 g4 57. Kf2 Kd3 0-1

[Event "Mercredi 2021.11.17 ABCD"]
[Site "Montreal CAN"]
[Date "2021.12.08"]
[Round "4"]
[White "Singher, Jean-Pierre"]
[Black "Rodrigue-Lemieux, Shawn"]
[Result "0-1"]
[WhiteElo "2039"]
[BlackElo "2401"]
[PlyCount "92"]
[EventDate "2021.11.17"]
[EventType "tourn"]
[EventRounds "5"]
[EventCountry "CAN"]

1. d4 Nf6 2. Nf3 d5 3. c4 e6 4. Nc3 Bb4 5. e3 O-O 6. Bd3 c5 7. O-O cxd4 8. exd4
dxc4 9. Bxc4 b6 10. Qe2 Nc6 11. Rd1 Ne7 12. Bg5 Bb7 13. Ne5 Nfd5 14. Qg4 Bxc3
15. bxc3 Qd6 16. Bd3 Nf5 17. Bd2 Rac8 18. Rac1 Nf6 19. Qf4 a5 20. a4 Nd7 21.
Nc4 Qd5 22. f3 Rxc4 23. Be4 Qd6 24. Bxb7 Rxa4 25. Qxd6 Nxd6 26. Bc6 Rc4 27.
Bxd7 Rd8 28. Bf4 Rxd7 29. Bxd6 Rxd6 30. Kf2 g6 31. Ke3 b5 32. f4 Rdc6 33. Kd2
b4 34. cxb4 Rxd4+ 35. Ke3 Rxd1 36. Rxc6 axb4 37. Rb6 Rb1 38. g3 Kg7 39. h4 b3
40. Kf2 h5 41. Kg2 Kf6 42. Rb7 Kf5 43. Rxf7+ Kg4 44. Rg7 Rb2+ 45. Kf1 Kf3 46.
Ke1 Rh2 0-1

[Event "Mercredi 2021.11.17 ABCD"]
[Site "Montreal CAN"]
[Date "2021.12.08"]
[Round "4"]
[White "Varfalvy, Peter"]
[Black "Batorshyn, Ilia"]
[Result "0-1"]
[WhiteElo "1575"]
[BlackElo "1599"]
[PlyCount "88"]
[EventDate "2021.11.17"]
[EventType "tourn"]
[EventRounds "5"]
[EventCountry "CAN"]

1. Nf3 Nf6 2. d4 e6 3. Bg5 d5 4. e3 Be7 5. c4 Nbd7 6. Nc3 h6 7. Bxf6 Nxf6 8.
cxd5 exd5 9. Be2 O-O 10. O-O Re8 11. Rc1 c6 12. Ne5 Bd6 13. Ng4 Nxg4 14. Bxg4
Qh4 15. h3 h5 16. Bxh5 Bxh3 17. Bxf7+ Kxf7 18. Qf3+ Qf6 19. Qxf6+ gxf6 20. gxh3
Rg8+ 21. Kh1 Rh8 22. Kg2 Rag8+ 23. Kf3 Rxh3+ 24. Ke2 f5 25. Rh1 Rgh8 26. Rxh3
Rxh3 27. Rf1 Kf6 28. a3 f4 29. f3 fxe3 30. Kxe3 Kf5 31. Ne2 Be7 32. Rg1 Bg5+
33. Kf2 Rh2+ 34. Rg2 Be3+ 35. Kg3 Rh1 36. Rh2 Bf4+ 37. Nxf4 Rxh2 38. Kxh2 Kxf4
39. Kg2 Ke3 40. Kg3 Kxd4 41. f4 Ke4 42. Kg4 d4 43. f5 d3 44. f6 d2 0-1

[Event "Mercredi 2021.11.17 ABCD"]
[Site "Montreal CAN"]
[Date "2021.12.15"]
[Round "5"]
[White "Adam, Rafael"]
[Black "Destree, Frederic"]
[Result "1/2-1/2"]
[WhiteElo "1921"]
[BlackElo "1826"]
[PlyCount "126"]
[EventDate "2021.11.17"]
[EventType "tourn"]
[EventRounds "5"]
[EventCountry "CAN"]

1. d4 g6 2. Nf3 Bg7 3. c4 d6 4. g3 Nf6 5. Bg2 O-O 6. O-O Nc6 7. b3 e5 8. e3 Bg4
9. Qc2 exd4 10. Nxd4 Qd7 11. Nxc6 bxc6 12. Bb2 Bh3 13. Nc3 Bxg2 14. Kxg2 a5 15.
Rfd1 Qe6 16. Ne2 Qe4+ 17. Qxe4 Nxe4 18. Bxg7 Kxg7 19. Nd4 Ra6 20. f3 Nc5 21. e4
Ne6 22. f4 Nxd4 23. Rxd4 c5 24. Rd2 a4 25. Re1 axb3 26. axb3 Rb8 27. Re3 Ra3
28. Rb2 Rb4 29. e5 Rxc4 30. exd6 cxd6 31. Rd3 Rb4 32. Rxd6 Raxb3 33. Rc2 Rb2
34. Rdd2 Rxc2 35. Rxc2 c4 36. Kf3 Kf6 37. Ke4 h5 38. Kf3 Rb3+ 39. Ke4 c3 40. h3
Ke6 41. Ke3 f6 42. g4 hxg4 43. hxg4 g5 44. fxg5 fxg5 45. Kd4 Kd6 46. Kc4 Rb8
47. Kd4 Rc8 48. Ke4 Rc4+ 49. Kf5 Rc5+ 50. Ke4 Ke6 51. Kd4 Rc8 52. Re2+ Kd6 53.
Rc2 Rc5 54. Ke4 Ke6 55. Kd4 Rd5+ 56. Ke4 Rc5 57. Kd4 Rc7 58. Re2+ Kd6 59. Rc2
Rf7 60. Rxc3 Rf4+ 61. Ke3 Rxg4 62. Kf3 Rh4 63. Kg3 Ke5 1/2-1/2

[Event "Mercredi 2021.11.17 ABCD"]
[Site "Montreal CAN"]
[Date "2021.12.15"]
[Round "5"]
[White "Barko, Maxim"]
[Black "Hagopian, Christian"]
[Result "1/2-1/2"]
[WhiteElo "1899"]
[BlackElo "1927"]
[PlyCount "152"]
[EventDate "2021.11.17"]
[EventType "tourn"]
[EventRounds "5"]
[EventCountry "CAN"]

1. e4 c5 2. Nf3 d6 3. Bb5+ Bd7 4. Bxd7+ Qxd7 5. O-O Nc6 6. c3 e6 7. d4 cxd4 8.
cxd4 Nf6 9. d5 Ne5 10. Nc3 Be7 11. Nxe5 dxe5 12. dxe6 Qxd1 13. exf7+ Kxf7 14.
Rxd1 Rhd8 15. Bg5 Ng8 16. Be3 Nf6 17. f3 h6 18. Rxd8 Bxd8 19. Nb5 b6 20. Rc1
Ne8 21. Rd1 a6 22. Nd6+ Nxd6 23. Rxd6 Ke7 24. Rg6 Kf7 25. Rc6 b5 26. Kf2 Be7
27. Rc7 Ke6 28. Ke2 Kd6 29. Ra7 Rxa7 30. Bxa7 h5 31. Bb8+ Ke6 32. Ba7 g6 33. g3
Bg5 34. Be3 Be7 35. Kd3 Bb4 36. a3 Ba5 37. b4 Bc7 38. Bc5 Bb8 39. Ke3 Bc7 40.
Kd3 Bb8 41. Ke2 Bc7 42. Ke3 Bb8 43. f4 Bc7 44. Kf3 Bd8 45. Be3 Bf6 46. Bc1 exf4
47. gxf4 Bh4 48. Bb2 Bd8 49. Ke3 Bb6+ 50. Bd4 Bc7 51. h3 Bb8 52. Bb6 Bd6 53. e5
Be7 54. Ke4 Bh4 55. Be3 Be7 56. Bf2 Bd8 57. Be1 Bb6 58. Bd2 Bd8 59. Be3 Bc7 60.
Bf2 Bd8 61. Bc5 Bc7 62. Kd4 Bd8 63. Bd6 Bb6+ 64. Bc5 Bd8 65. Ke4 Bc7 66. Bf8
Bb6 67. Bd6 Bd8 68. Bb8 Bb6 69. Bd6 Bd8 70. Bf8 Bb6 71. Bh6 Bd8 72. Bg5 Bb6 73.
Bf6 Bc7 74. Bg5 Bb6 75. Bf6 Bc7 76. h4 Bb6 1/2-1/2

[Event "Mercredi 2021.11.17 ABCD"]
[Site "Montreal CAN"]
[Date "2021.12.15"]
[Round "5"]
[White "Batorshyn, Ilia"]
[Black "Gauthier, Luc"]
[Result "1-0"]
[WhiteElo "1599"]
[BlackElo "1649"]
[PlyCount "65"]
[EventDate "2021.11.17"]
[EventType "tourn"]
[EventRounds "5"]
[EventCountry "CAN"]

1. d4 d5 2. c4 Nc6 3. Nf3 Bg4 4. cxd5 Bxf3 5. dxc6 Bxc6 6. Bg5 f6 7. Bf4 e5 8.
dxe5 Qxd1+ 9. Kxd1 O-O-O+ 10. Kc1 fxe5 11. Bxe5 Nf6 12. Nc3 Bd6 13. Bxf6 gxf6
14. Kc2 Rhg8 15. f3 Bf4 16. Rd1 Rxd1 17. Nxd1 Rd8 18. e3 Bd6 19. Be2 Bc5 20. e4
Rg8 21. g3 Re8 22. Nc3 Bb4 23. Bb5 Re6 24. Bxc6 Rxc6 25. Rd1 Bd6 26. Rd5 Rc5
27. Kd3 Kd7 28. Rxc5 Bxc5 29. Nd5 Bg1 30. Nxf6+ Ke7 31. Nd5+ Kd6 32. h4 Bf2 33.
Ne3 1-0

[Event "Mercredi 2021.11.17 ABCD"]
[Site "Montreal CAN"]
[Date "2021.12.15"]
[Round "5"]
[White "Fortin-Lavoie, Patrice"]
[Black "Lima-Barbosa, Raphael"]
[Result "0-1"]
[WhiteElo "1726"]
[BlackElo "1811"]
[PlyCount "122"]
[EventDate "2021.11.17"]
[EventType "tourn"]
[EventRounds "5"]
[EventCountry "CAN"]

1. d4 Nf6 2. Nf3 e6 3. e3 d5 4. c4 Bd6 5. Nc3 O-O 6. Bd3 Nbd7 7. O-O c5 8. Re1
a6 9. a4 Qc7 10. b3 b6 11. Ba3 Bb7 12. Qc2 dxc4 13. bxc4 Bxf3 14. gxf3 cxd4 15.
Ne4 Bxa3 16. Rxa3 dxe3 17. fxe3 Rac8 18. Nxf6+ Nxf6 19. Rc3 Qc5 20. Kh1 Qh5 21.
Qg2 Rc5 22. Rg1 g6 23. Rb3 Rd8 24. f4 Ra5 25. Bc2 Qc5 26. e4 Rd2 27. e5 Nd7 28.
Rd3 Rxd3 29. Bxd3 Rxa4 30. h4 Qd4 31. Bc2 Ra2 32. h5 Qxf4 33. Qe2 Qh4+ 34. Kg2
Nxe5 35. hxg6 Qg4+ 36. Qxg4 Rxc2+ 37. Kg3 Nxg4 38. gxh7+ Kxh7 39. Kxg4 Rxc4+
40. Kg5 Kg7 41. Kh5+ Kf6 42. Rf1+ Ke7 43. Kg5 Rc5+ 44. Kg4 Rc4+ 45. Kg5 f6+ 46.
Kh5 Rc5+ 47. Kh6 Rg5 48. Rc1 Kd6 49. Rf1 Rf5 50. Rd1+ Rd5 51. Rf1 f5 52. Kg6
Rd4 53. Kf6 a5 54. Re1 Re4 55. Rd1+ Kc5 56. Rc1+ Rc4 57. Re1 f4 58. Rxe6 f3 59.
Re5+ Kd4 60. Rb5 f2 61. Rf5 Ke3 0-1

[Event "Mercredi 2021.11.17 ABCD"]
[Site "Montreal CAN"]
[Date "2021.12.15"]
[Round "5"]
[White "Jean, Robert"]
[Black "Chapdelaine, Gwyn"]
[Result "1/2-1/2"]
[WhiteElo "1793"]
[BlackElo "1686"]
[PlyCount "92"]
[EventDate "2021.11.17"]
[EventType "tourn"]
[EventRounds "5"]
[EventCountry "CAN"]

1. d4 d5 2. c4 dxc4 3. Nc3 Nc6 4. d5 Ne5 5. f4 Ng6 6. e4 e5 7. Nf3 Bd6 8. Bxc4
Bg4 9. Bb5+ Bd7 10. f5 N6e7 11. Bg5 Nf6 12. Qe2 c6 13. dxc6 Nxc6 14. O-O-O Qc7
15. Bxf6 gxf6 16. Kb1 O-O-O 17. Nd5 Qa5 18. Nxf6 Kc7 19. Rc1 h6 20. Bc4 Kb8 21.
Rhd1 Bc8 22. Bb3 Nd4 23. Nxd4 exd4 24. Rxd4 Qe5 25. Rxc8+ Kxc8 26. Qc4+ Kb8 27.
Ng4 Qf4 28. e5 b5 29. Rxf4 bxc4 30. Rxc4 h5 31. exd6 hxg4 32. Rxg4 Rxd6 33. h3
f6 34. a3 Rd2 35. Be6 Rhd8 36. h4 Rf2 37. Rb4+ Kc7 38. g4 a5 39. Rb3 Rg2 40.
Rh3 Rdd2 41. Rh1 Rxb2+ 42. Ka1 Rbd2 43. h5 Rxg4 44. h6 Rd8 45. h7 Rh8 46. Rh6
Rb8 1/2-1/2

[Event "Mercredi 2021.11.17 ABCD"]
[Site "Montreal CAN"]
[Date "2021.12.15"]
[Round "5"]
[White "Kozlov, Guennadi"]
[Black "Gadbois, Patrick"]
[Result "1-0"]
[WhiteElo "1879"]
[BlackElo "1943"]
[PlyCount "71"]
[EventDate "2021.11.17"]
[EventType "tourn"]
[EventRounds "5"]
[EventCountry "CAN"]

1. e4 e6 2. d4 d5 3. Nd2 Nf6 4. e5 Nfd7 5. c3 c5 6. Ndf3 Nc6 7. Bd3 cxd4 8.
cxd4 Qb6 9. Ne2 f6 10. exf6 Bb4+ 11. Bd2 Nxf6 12. O-O O-O 13. Bc3 Bd7 14. Qc2
Rac8 15. a3 Bd6 16. Qd2 Qc7 17. h3 e5 18. dxe5 Nxe5 19. Nxe5 Bxe5 20. Rac1 Bxc3
21. Rxc3 Qe5 22. Rfc1 Rxc3 23. Nxc3 d4 24. Ne2 Kh8 25. Bb1 Bc6 26. Nxd4 Qd5 27.
Nf3 Qh5 28. Rc3 Nd5 29. Rd3 Re8 30. Rd4 h6 31. Nh4 Ne7 32. Qd3 g6 33. Qc3 Kh7
34. Rg4 Nf5 35. Nxf5 Re1+ 36. Qxe1 1-0

[Event "Mercredi 2021.11.17 ABCD"]
[Site "Montreal CAN"]
[Date "2021.12.15"]
[Round "5"]
[White "Martel, Paul"]
[Black "Varfalvy, Peter"]
[Result "1/2-1/2"]
[WhiteElo "1609"]
[BlackElo "1575"]
[PlyCount "68"]
[EventDate "2021.11.17"]
[EventType "tourn"]
[EventRounds "5"]
[EventCountry "CAN"]

1. b4 c5 2. b5 a6 3. c4 b6 4. Bb2 d5 5. e3 e6 6. Nf3 Nd7 7. Be2 Bb7 8. O-O Ngf6
9. d3 Bd6 10. Nbd2 Qc7 11. a4 a5 12. h3 e5 13. cxd5 Bxd5 14. Qc2 Rc8 15. Nc4
O-O 16. Nh4 Be6 17. Rad1 Be7 18. Nf3 Bd6 19. Ng5 Rfe8 20. Bf3 h6 21. Ne4 Be7
22. Nxf6+ Bxf6 23. Bc6 Bxc4 24. dxc4 Red8 25. Qe4 Nb8 26. Bb7 Rxd1 27. Rxd1 Re8
28. f4 Kf8 29. f5 Re7 30. g4 Rd7 31. Bd5 Re7 32. Bc3 Nd7 33. Bc6 Nb8 34. Bd5
Nd7 1/2-1/2

[Event "Mercredi 2021.11.17 ABCD"]
[Site "Montreal CAN"]
[Date "2021.12.15"]
[Round "5"]
[White "Millette, Sylvain"]
[Black "Abderaouf, Sekki"]
[Result "0-1"]
[WhiteElo "1722"]
[BlackElo "1816"]
[PlyCount "42"]
[EventDate "2021.11.17"]
[EventType "tourn"]
[EventRounds "5"]
[EventCountry "CAN"]

1. Nf3 f5 2. e4 fxe4 3. Ng5 Nf6 4. d3 e6 5. dxe4 Nc6 6. Be2 g6 7. O-O Bg7 8.
Nc3 O-O 9. f4 d6 10. f5 Ne5 11. fxg6 Nxg6 12. h4 Nxh4 13. Bh5 Qe7 14. g3 Ng6
15. Kg2 Bd7 16. Bxg6 hxg6 17. Qe2 Bc6 18. Nb5 Nh5 19. Rxf8+ Rxf8 20. g4 Rf4 21.
Nh3 Rxe4 0-1

[Event "Mercredi 2021.11.17 ABCD"]
[Site "Montreal CAN"]
[Date "2021.12.15"]
[Round "5"]
[White "Rodi, Mathieu"]
[Black "Milosz, Jerzy"]
[Result "0-1"]
[WhiteElo "1600"]
[BlackElo "1610"]
[PlyCount "52"]
[EventDate "2021.11.17"]
[EventType "tourn"]
[EventRounds "5"]
[EventCountry "CAN"]

1. c4 Nf6 2. Nc3 e6 3. e4 Nc6 4. Nf3 h6 5. e5 Nh7 6. d4 Bb4 7. Bd3 d5 8. a3
Bxc3+ 9. bxc3 Ne7 10. Qc2 Nf8 11. Rb1 c6 12. a4 Nfg6 13. g3 dxc4 14. Bxc4 Nd5
15. Bd3 Nge7 16. c4 Nc7 17. O-O Nf5 18. Be3 b6 19. Be4 Bd7 20. Rfd1 Rb8 21. d5
Nxe3 22. fxe3 exd5 23. cxd5 cxd5 24. Bxd5 Nxd5 25. Rxd5 Qc8 26. Rc5 bxc5 0-1

[Event "Mercredi 2021.11.17 ABCD"]
[Site "Montreal CAN"]
[Date "2021.12.15"]
[Round "5"]
[White "Rodrigue-Lemieux, Shawn"]
[Black "Guipi Bopala, Prince Eric jr"]
[Result "1-0"]
[WhiteElo "2401"]
[BlackElo "2086"]
[PlyCount "105"]
[EventDate "2021.11.17"]
[EventType "tourn"]
[EventRounds "5"]
[EventCountry "CAN"]

1. c4 e6 2. g3 d5 3. Bg2 Nf6 4. Nf3 dxc4 5. O-O Nbd7 6. Na3 Bxa3 7. bxa3 a6 8.
Qc2 c5 9. Qxc4 b5 10. Qc2 Bb7 11. Bb2 Rc8 12. a4 b4 13. Rac1 O-O 14. Rfd1 c4
15. Qb1 Qa5 16. Ba1 Qxa4 17. g4 h6 18. h4 Be4 19. d3 c3 20. Rc2 Bd5 21. g5 hxg5
22. hxg5 Ng4 23. e4 b3 24. Rxc3 Rxc3 25. Bxc3 bxa2 26. Qa1 Bb3 27. Re1 f6 28.
Nd4 Nc5 29. Nxb3 Nxb3 30. Qd1 a1=Q 31. Bxa1 Qxa1 32. Qxa1 Nxa1 33. Rxa1 fxg5
34. Bh3 Nxf2 35. Bxe6+ Kh7 36. Rf1 Rf6 37. Bf5+ g6 38. Bd7 Rd6 39. Kxf2 Rxd7
40. Ke3 Kg7 41. d4 Rf7 42. Ra1 g4 43. e5 g5 44. d5 Rf5 45. Kd4 Rf4+ 46. Kc5 Kf7
47. Kd6 g3 48. e6+ Kf6 49. Re1 g2 50. e7 g1=Q 51. Rxg1 Kf7 52. Kd7 Re4 53. Rf1+
1-0

[Event "Montcalm 1 2021-22 Online"]
[Site "Quebec CAN"]
[Date "2021.10.07"]
[Round "1"]
[White "Dube, Daniel"]
[Black "Bolduc, Steve"]
[Result "0-1"]
[WhiteElo "1822"]
[BlackElo "2247"]
[PlyCount "68"]
[EventDate "2021.10.07"]
[EventType "tourn"]
[EventRounds "6"]
[EventCountry "CAN"]

1. e4 c5 2. Nf3 g6 3. c3 d5 4. exd5 Qxd5 5. d4 Nc6 6. Be2 Bg7 7. dxc5 Qxc5 8.
O-O Bf5 9. Be3 Qd6 10. Qa4 Bd7 11. Qb3 Nf6 12. Rd1 Qb8 13. Ng5 O-O 14. Nd2 h6
15. Nde4 Ng4 16. Bxg4 Bxg4 17. f3 Bf5 18. g4 Bc8 19. Nh3 Ne5 20. Kg2 b6 21. Nf4
Bb7 22. h3 e6 23. Nd3 Kh7 24. Nxe5 Bxe5 25. Bd4 Rd8 26. Nf2 Bxd4 27. cxd4 Qf4
28. Qc3 Rac8 29. Qb3 Rc7 30. Rd3 Bd5 31. Qd1 Rdc8 32. Rd2 f5 33. a3 fxg4 34.
Nxg4 Bxf3+ 0-1

[Event "Montcalm 1 2021-22 Online"]
[Site "Quebec CAN"]
[Date "2021.10.07"]
[Round "1"]
[White "Dumont, Eric"]
[Black "Fecteau, Martin"]
[Result "1/2-1/2"]
[WhiteElo "1772"]
[BlackElo "1912"]
[PlyCount "84"]
[EventDate "2021.10.07"]
[EventType "tourn"]
[EventRounds "6"]
[EventCountry "CAN"]

1. d4 Nf6 2. Bf4 d6 3. e3 g6 4. h3 Bg7 5. Nf3 c6 6. c4 O-O 7. Be2 Nbd7 8. Nc3
Qa5 9. O-O e5 10. dxe5 dxe5 11. Bh2 Re8 12. a3 Qc5 13. b4 Qf8 14. Rc1 Rd8 15.
Qc2 e4 16. Ng5 a5 17. c5 axb4 18. axb4 h6 19. Ngxe4 Nxe4 20. Nxe4 Nf6 21. Nd6
Nd5 22. Qb3 Be6 23. Bc4 Ra7 24. e4 Nc7 25. Bxe6 Nxe6 26. e5 Rda8 27. f4 Qd8 28.
Rcd1 Qh4 29. Nxf7 Qe7 30. Nd6 Kh7 31. f5 gxf5 32. Nxf5 Qe8 33. Nd6 Qg6 34. Qd3
Nc7 35. Qxg6+ Kxg6 36. Rf7 Nd5 37. Rxb7 Ra1 38. Rxa1 Rxa1+ 39. Kf2 h5 40. b5
Ra2+ 41. Kf3 Ra3+ 42. Kf2 Ra2+ 1/2-1/2

[Event "Montcalm 1 2021-22 Online"]
[Site "Quebec CAN"]
[Date "2021.10.07"]
[Round "1"]
[White "Sauve, Richard"]
[Black "Auger, Bertrand"]
[Result "1/2-1/2"]
[WhiteElo "1967"]
[BlackElo "1860"]
[PlyCount "244"]
[EventDate "2021.10.07"]
[EventType "tourn"]
[EventRounds "6"]
[EventCountry "CAN"]

1. d4 Nf6 2. c4 e6 3. Nc3 Bb4 4. Qc2 Nc6 5. Nf3 d6 6. Bd2 O-O 7. e3 Qe7 8. a3
Bxc3 9. Bxc3 a5 10. Be2 a4 11. O-O Bd7 12. Rfe1 Na5 13. Bxa5 Rxa5 14. e4 e5 15.
d5 Rfa8 16. Nd2 R8a7 17. Bd3 Be8 18. Rf1 Nd7 19. Qd1 Nc5 20. Qe2 f6 21. f3 Bd7
22. Rf2 Qe8 23. Bc2 b5 24. Qe3 Qb8 25. cxb5 Bxb5 26. Rb1 Rb7 27. Qc3 Qa7 28.
Nc4 Bxc4 29. Qxc4 Rab5 30. Bd1 Qa5 31. Kf1 R5b6 32. Re2 Qb5 33. Qxb5 Rxb5 34.
Rd2 Kf7 35. Ke1 g5 36. Ke2 Ke7 37. Ke3 Kd8 38. Rc2 Rb3+ 39. Ke2 Rxa3 40. bxa3
Rxb1 41. Rc4 Rb2+ 42. Kf1 Rb1 43. Ke2 Ra1 44. Bxa4 Rxa3 45. Bc6 Ra2+ 46. Kf1
Nd3 47. Rc3 Nb4 48. Rc4 Nxc6 49. Rxc6 Kc8 50. Rc1 h5 51. h3 h4 52. Rb1 Ra6 53.
Ke2 Rb6 54. Ra1 Kb7 55. Rc1 Rb2+ 56. Kf1 Rb6 57. Rc2 c5 58. dxc6+ Rxc6 59. Rd2
Kc7 60. Ra2 Kb7 61. Rd2 Rb6 62. Rc2 Rb5 63. Rd2 Kc6 64. Rc2+ Rc5 65. Ra2 Kb7
66. Rd2 Rc6 67. Rb2+ Kc7 68. Ra2 Kd7 69. Ra7+ Ke6 70. Ra5 f5 71. exf5+ Kxf5 72.
Ra8 d5 73. Rf8+ Rf6 74. Rd8 d4 75. Rd7 Kf4 76. Kf2 Kf5 77. Rd8 Rc6 78. Rf8+ Ke6
79. Rg8 Rc2+ 80. Kf1 Kf6 81. Rf8+ Ke6 82. Rg8 d3 83. Rd8 d2 84. Ke2 d1=Q+ 85.
Kxd1 Rxg2 86. Re8+ Kf6 87. Rf8+ Kg6 88. Re8 Rg3 89. Ke2 Rxh3 90. Rxe5 Rh2+ 91.
Kf1 Ra2 92. Re6+ Kf5 93. Rh6 Kf4 94. Rf6+ Kg3 95. Rf5 Rf2+ 96. Kg1 Rg2+ 97. Kh1
Kf2 98. Ra5 h3 99. Ra3 Rg3 100. Kh2 Rxf3 101. Ra5 g4 102. Rg5 Rf4 103. Rg8 Kf3
104. Ra8 Re4 105. Rf8+ Rf4 106. Ra8 Re4 107. Rf8+ Ke2 108. Kg3 Re7 109. Rf4 Rg7
110. Re4+ Kf1 111. Rf4+ Kg1 112. Ra4 Rf7 113. Rxg4 h2 114. Kh3+ Kh1 115. Ra4
Rh7+ 116. Kg3 Rg7+ 117. Kh3 Kg1 118. Ra1+ Kf2 119. Ra2+ Kg1 120. Ra1+ Kf2 121.
Ra2+ Kf3 122. Kxh2 Rh7+ 1/2-1/2

[Event "Montcalm 1 2021-22 Online"]
[Site "Quebec CAN"]
[Date "2021.10.14"]
[Round "2"]
[White "Auger, Bertrand"]
[Black "Dumont, Eric"]
[Result "1/2-1/2"]
[WhiteElo "1860"]
[BlackElo "1772"]
[PlyCount "132"]
[EventDate "2021.10.07"]
[EventType "tourn"]
[EventRounds "6"]
[EventCountry "CAN"]

1. Nf3 d5 2. g3 Nc6 3. d4 Bf5 4. Bg2 Nb4 5. Na3 e6 6. O-O Be4 7. c3 Nc6 8. Qb3
Rb8 9. c4 Bxa3 10. Qxa3 Nge7 11. b3 O-O 12. Bb2 a5 13. Rac1 Nb4 14. Bc3 Nec6
15. Qb2 Ra8 16. Rfd1 Qf6 17. a3 Na6 18. b4 axb4 19. axb4 Nab8 20. b5 Na5 21.
cxd5 Nc4 22. Qb4 exd5 23. Ne5 Bxg2 24. Nxc4 Bh3 25. Ne5 Qf5 26. Qb1 Qe6 27. Qd3
f6 28. Nf3 Re8 29. Re1 Nd7 30. Bd2 c6 31. bxc6 bxc6 32. Qe3 Ra2 33. Qxe6+ Rxe6
34. Be3 Nb6 35. Nh4 Nc4 36. Ng2 Bxg2 37. Kxg2 Nxe3+ 38. fxe3 Rxe3 39. Kf2 Re6
40. Rc3 Kf7 41. Re3 Re4 42. Rxe4 dxe4 43. Rc1 Ra6 44. Ke3 f5 45. Kf4 Kf6 46. h4
h6 47. h5 g5+ 48. hxg6 Kxg6 49. Rc5 Rb6 50. e3 Ra6 51. Rxf5 Ra1 52. Kxe4 Rg1
53. Rc5 Rxg3 54. Rxc6+ Kg7 55. d5 h5 56. d6 Kf7 57. d7 Ke7 58. Rd6 Rg8 59. Kd5
Ra8 60. e4 Ra5+ 61. Kd4 Ra8 62. e5 h4 63. Ke3 h3 64. Ke4 Rh8 65. d8=Q+ Rxd8 66.
Rh6 Ra8 1/2-1/2

[Event "Montcalm 1 2021-22 Online"]
[Site "Quebec CAN"]
[Date "2021.10.14"]
[Round "2"]
[White "Fecteau, Martin"]
[Black "Dube, Daniel"]
[Result "0-1"]
[WhiteElo "1912"]
[BlackElo "1822"]
[PlyCount "84"]
[EventDate "2021.10.07"]
[EventType "tourn"]
[EventRounds "6"]
[EventCountry "CAN"]

1. Nf3 Nf6 2. d4 c5 3. e3 e6 4. Bd3 d5 5. c3 Nc6 6. O-O a6 7. Nbd2 Be7 8. Ne5
O-O 9. f4 Qb6 10. Kh1 Nd7 11. Qh5 f5 12. Nxd7 Bxd7 13. Nf3 Be8 14. Qh3 Rf6 15.
b3 Bh5 16. Qg3 Bxf3 17. Qxf3 Kh8 18. Bd2 Rg8 19. g4 Qd8 20. gxf5 exf5 21. Rg1
h6 22. Rg2 g6 23. Rag1 Kh7 24. Be1 Rff8 25. Qh3 Qd7 26. e4 dxe4 27. Bxe4 cxd4
28. Bd3 Bc5 29. Bc4 Rg7 30. Bf2 Qd6 31. cxd4 Bxd4 32. Qf3 Bxf2 33. Qxf2 Re8 34.
a4 Na5 35. Be2 Nxb3 36. Rd1 Qc5 37. Qh4 Qc6 38. Kg1 b5 39. axb5 axb5 40. Rg3
Rxe2 41. Qxh6+ Kg8 42. Rd8+ Kf7 0-1

[Event "Montcalm 1 2021-22 Online"]
[Site "Quebec CAN"]
[Date "2021.10.14"]
[Round "2"]
[White "Marquis, Paul"]
[Black "Sauve, Richard"]
[Result "1-0"]
[WhiteElo "1954"]
[BlackElo "1967"]
[PlyCount "71"]
[EventDate "2021.10.07"]
[EventType "tourn"]
[EventRounds "6"]
[EventCountry "CAN"]

1. e4 e6 2. d4 d5 3. Nc3 Nf6 4. Bg5 Bb4 5. e5 h6 6. Be3 Ne4 7. Qg4 g6 8. a3 h5
9. Qf4 Bxc3+ 10. bxc3 c5 11. Bd3 Qa5 12. Ne2 cxd4 13. Bxd4 Nc6 14. Bxe4 Nxd4
15. Bxg6 fxg6 16. Qxd4 Bd7 17. O-O Bb5 18. Rfe1 Bxe2 19. Rxe2 Rc8 20. Re3 Rc4
21. Qd3 Rg8 22. Rg3 Kd7 23. Rb1 b6 24. Rb3 Re4 25. Re3 Ra4 26. Rb5 Qa6 27.
Rxd5+ exd5 28. Qxd5+ Kc7 29. Qxg8 Rxa3 30. h3 Ra1+ 31. Kh2 Qf1 32. Qf7+ Kc6 33.
Qxg6+ Kc5 34. Qd6+ Kb5 35. Qd5+ Ka6 36. Qd3+ 1-0